000 01588nam a22002417a 4500
999 _c58839
_d58839
003 Ge_BSU
005 20221006141345.0
008 221006s2008 ge ||||| |||| 00| 0 geo d
020 _a9789941412165
041 _ageo
080 _a1(479.22)(09) ქ-27
245 _aქართული ფილოსოფიური აზრის ისტორია :
_bტ. 3, XIX საუკუნე /
_c[... ოთხტომეულის მთ. რედ. გურამ თევზაძე ; ტომის რედ.: ს. ავალიანი, მ. მახარაძე] ; საქ. მეცნ. აკად., ფილოსოფიის ინ-ტი.
264 _aბათუმი :
_bშოთა რუსთაველის სახელმწ. უნ-ტი,
_c2008.
300 _a460 გვ.;
_b20 სმ.
504 _aშენიშვნები: გვ. 417-441. საძიებელი: გვ. 448-456.
520 _a რეზ. ინგლ.
653 _a ქართული ფილოსოფიური აზრის ისტორია
700 _aთევზაძე, გურამ
_eმთავარი რედაქტორი
_915094
700 _aავალიანი, ს.
_eრედაქტორი
_915095
700 _aმახარაძე, მ.
_eრედაქტორი
_915096
710 _aსაქართველოს მეცნიერებათა აკადემია
_b ფილოსოფიის ინსტიტუტი
_915091
942 _2udc
_cBK